Schaum`s Series Theory & Problems Of Data Structures (Record no. 8690)

MARC details
000 -LEADER
fixed length control field 00385nam a2200157Ia 4500
008 - FIXED-LENGTH DATA ELEMENTS--GENERAL INFORMATION
fixed length control field 221030s9999 xx 000 0 und d
020 ## - INTERNATIONAL STANDARD BOOK NUMBER
ISBN 0070495491
041 ## - LANGUAGE CODE
Language code of text/sound track or separate title
082 ## - DEWEY DECIMAL CLASSIFICATION NUMBER
Classification number 105.23
Item number Lip
100 ## - MAIN ENTRY--AUTHOR NAME
Personal name S. Lipschutz
245 #0 - TITLE STATEMENT
Title Schaum`s Series Theory & Problems Of Data Structures
260 ## - PUBLICATION, DISTRIBUTION, ETC. (IMPRINT)
Name of publisher TMH
Place of publication New Delhi
Year of publication 2004
300 ## - PHYSICAL DESCRIPTION
Number of Pages 344
650 ## - SUBJECT ADDED ENTRY--TOPICAL TERM
Topical Term Computers
942 ## - ADDED ENTRY ELEMENTS (KOHA)
Koha item type Books
Holdings
Accession Number Cost, normal purchase price Full call number Price effective from Koha item type Withdrawn / writtenoff status Materials specified (bound volume or other part) Damaged status Not for loan Permanent Location Current Location Shelving location Date acquired Lost/ Missing status department
M 567 195.00 105.23 Lip 10/30/2022 Books   Print     MIET Library, Jammu MIET Library, Jammu BL-Academic Block B, FL-2, CUP-123, SH-3, R-3 02/14/2005   MCA
M 568 195.00 105.23 Lip 10/30/2022 Books   Print     MIET Library, Jammu MIET Library, Jammu BL-Academic Block- B, FL-1, CUP-98, SH-4, R-4 02/04/2005   MCA
M 569 195.00 105.23 Lip 10/30/2022 Books   Print     MIET Library, Jammu MIET Library, Jammu BL-Academic Block- B, FL-1, CUP-98, SH-4, R-4 02/14/2005   MCA
M 570 195.00 105.23 Lip 10/30/2022 Books   Print     MIET Library, Jammu MIET Library, Jammu BL-Academic Block- B, FL-1, CUP-98, SH-4, R-4 02/14/2005   MCA
M 571 195.00 105.23 lIP 10/30/2022 Books   Print     MIET Library, Jammu MIET Library, Jammu BL-Academic Block- B, FL-1, CUP-98, SH-4, R-4 02/14/2005   MCA